| 000 | 00990nam a22002898i 4500 | ||
|---|---|---|---|
| 001 | BDZ0057410829 | ||
| 003 | StDuBDS | ||
| 005 | 20250618115142.0 | ||
| 008 | 250520s2025 enk 000|0|eng|d | ||
| 020 |
_a9781781339183 (pbk.) : _c?19.99 |
||
| 040 |
_aStDuBDS _beng _erda _cStDuBDS _dStDuBDSZ |
||
| 050 | 4 |
_aHD9715.A2 _bA4 2025 |
|
| 072 | 7 |
_aIND _2ukslc |
|
| 082 | 0 | 4 |
_a338.47624 _223 |
| 100 | 1 |
_aAllen, Faye, _eauthor. |
|
| 245 | 1 | 0 |
_aBuilding women : _bhow everyone in construction can win / _cFaye Allen. |
| 263 | _a202506 | ||
| 264 | 1 |
_aGorleston : _bRethink Press, _c2025. |
|
| 300 |
_a356 pages ; _c22 cm |
||
| 336 |
_atext _2rdacontent |
||
| 337 |
_aunmediated _2rdamedia |
||
| 338 |
_avolume _2rdacarrier |
||
| 520 | 8 | _a'Building Women' is a call to action, showing how we can all work together to promote gender equality, improve the culture in construction and make things better for everyone. | |
| 650 | 0 | _aCONSTRUCTION INDUSTRY | |
| 650 | 0 | _aEQUALITY | |
| 942 | _2ddc | ||
| 999 |
_c122172 _d122172 |
||